| 000 | 00990cam a2200277 a 4500 | ||
|---|---|---|---|
| 001 | 2262 | ||
| 005 | 20231114091755.0 | ||
| 020 | _a067083419X | ||
| 040 |
_aDLC _cDLC _dDLC _beng |
||
| 050 | 0 | 0 | _aPZ7.A2615 |
| 082 | 0 | 0 |
_a813.54 _220 |
| 100 | 1 | _aAdler, David A. | |
| 245 | 1 | 0 |
_aCam Jansen and the mystery at the haunted house / _cDavid A. Adler ; illustrated by Susanna Natti. |
| 250 | _aThis printing, January 2005 | ||
| 260 |
_aNew York : _bScholastic, _c1992 |
||
| 300 |
_a58 pages : _billustrations _c19 cm |
||
| 490 | 1 |
_aA Cam Jansen adventure ; _v13 |
|
| 505 | _aK | ||
| 520 | _aCam and her friend Eric chase the thief of Aunt Katie's wallet through an amusement park and find themselves involved in another case requiring their special detective skills. | ||
| 521 |
_a620 _bLexile |
||
| 521 |
_aK _bRaz-Plus |
||
| 650 | 1 | _aMystery and detective stories. | |
| 700 | 1 |
_aNatti, Susanna _eillustrator |
|
| 906 |
_a7 _bcbc _corignew _d1 _eocip _f19 _gy-gencatlg |
||
| 942 |
_2ddc _cBK _n0 |
||
| 999 |
_c2262 _d2262 |
||